Draw All US State Borders (using abbrieviations) - Statistics

General Stats
  • This quiz has been taken 2,102 times
  • The average score is 89 of 107
Answers on the Map
Answers color-coded by a green-red scale on the quiz's map according to % correct below.
 
Answer Stats
Border % Correct
CAOR
93%
ORWA
93%
CANV
91%
AZCA
90%
IDWA
90%
NMTX
90%
AZNM
89%
AZNV
89%
IDOR
89%
NVOR
89%
ALMS
88%
FLGA
88%
NDSD
88%
OKTX
88%
IDMT
87%
IDNV
87%
LATX
87%
NCSC
87%
NVUT
87%
ALFL
86%
ALGA
86%
AZUT
86%
COUT
86%
IDUT
86%
IDWY
86%
MNND
86%
MTND
86%
MTWY
86%
NJNY
86%
ALTN
85%
CONM
85%
COWY
85%
GASC
85%
LAMS
85%
MNSD
85%
MTSD
85%
SDWY
85%
UTWY
85%
VAWV
85%
AROK
84%
ARTX
84%
COOK
84%
GATN
84%
ILIN
84%
KYTN
84%
MIOH
84%
MNWI
84%
NCVA
84%
NEWY
84%
NYPA
84%
COKS
83%
CONE
83%
GANC
83%
INMI
83%
INOH
83%
KSOK
83%
MANH
83%
MSTN
83%
NCTN
83%
NESD
83%
NMOK
83%
ARLA
82%
ARMS
82%
ARTN
82%
IAWI
82%
ILWI
82%
INKY
82%
KSNE
82%
KYWV
82%
MANY
82%
NHVT
82%
OHPA
82%
ARMO
81%
IAIL
81%
IAMN
81%
IANE
81%
IASD
81%
ILKY
81%
ILMO
81%
KSMO
81%
KYMO
81%
KYOH
81%
KYVA
81%
MOOK
81%
MOTN
81%
NYVT
81%
OHWV
81%
PAWV
81%
TNVA
81%
CTMA
80%
CTNY
80%
IAMO
80%
MAVT
80%
MDVA
80%
MARI
79%
MDPA
79%
MENH
79%
MIWI
79%
MONE
79%
NJPA
79%
CTRI
78%
DEMD
77%
MDWV
76%
DEPA
74%
AK
72%
DENJ
71%
HI
70%
No matching quizzes found
Score Distribution
Percent of People with Each Score
Percentile by Number Answered
Your Score History
You have not taken this quiz